Every MLB Team's Last 10 All-Stars - Statistics

General Stats
  • This quiz has been taken 183 times
  • The average score is 129 of 300
Answer Stats
Team Year Player % Correct
NYY 2023 Aaron Judge
98%
NYY 2023 Gerrit Cole
90%
HOU 2019 Gerrit Cole
90%
PIT 2015 Gerrit Cole
90%
NYY 2022 Giancarlo Stanton
90%
MIA 2017 Giancarlo Stanton
90%
BOS 2019 Mookie Betts
84%
LAD 2023 Mookie Betts
84%
PHI 2022 Bryce Harper
81%
WAS 2018 Bryce Harper
81%
LAA 2023 Mike Trout
81%
TOR 2023 Vladimir Guerrero Jr.
78%
HOU 2022 Justin Verlander
77%
ATL 2023 Ronald Acuna
77%
MIL 2019 Christian Yelich
76%
DET 2022 Greg Soto
76%
WAS 2022 Juan Soto
76%
SD 2023 Juan Soto
76%
SEA 2023 Julio Rodriguez
76%
BAL 2018 Manny Machado
76%
SD 2022 Manny Machado
76%
WAS 2021 Max Scherzer
76%
TEX 2023 Corey Seager
74%
HOU 2022 Jose Altuve
74%
CLE 2023 Jose Ramirez
74%
CLE 2019 Francisco Lindor
73%
LAD 2023 Freddie Freeman
73%
BOS 2022 Rafael Devers
73%
LAA 2023 Shohei Ohtani
73%
BOS 2018 Chris Sale
72%
CWS 2016 Chris Sale
72%
STL 2023 Nolan Arenado
72%
COL 2019 Nolan Arenado
72%
DET 2022 Miguel Cabrera
71%
NYM 2023 Pete Alonso
71%
NYY 2021 Aroldis Chapman
70%
OAK 2019 Matt Chapman
70%
OAK 2017 Yonder Alonso
70%
CIN 2023 Alexis Diaz
69%
SEA 2018 Edwin Diaz
69%
NYM 2022 Edwin Diaz
69%
COL 2023 Elias Diaz
69%
TEX 2022 Martin Perez
69%
KC 2023 Salvador Perez
69%
WAS 2021 Trea Turner
69%
LAD 2022 Trea Turner
69%
TB 2023 Yandy Diaz
69%
TOR 2023 Bo Bichette
67%
LAD 2023 Clayton Kershaw
67%
PIT 2019 Josh Bell
67%
LAA 2015 Albert Pujols
66%
STL 2022 Albert Pujols
66%
SD 2021 Fernando Tatis
65%
MIN 2021 Nelson Cruz
65%
SEA 2018 Nelson Cruz
65%
STL 2022 Paul Goldschmidt
65%
ARI 2018 Paul Goldschmidt
65%
HOU 2021 Carlos Correa
64%
TOR 2021 Marcus Semien
64%
TEX 2023 Marcus Semien
64%
CHC 2021 Kris Bryant
63%
PHI 2022 Kyle Schwarber
63%
WAS 2021 Kyle Schwarber
63%
BOS 2022 Xander Bogaerts
63%
NYM 2021 Jacob deGrom
62%
OAK 2021 Matt Olson
61%
ATL 2023 Matt Olson
61%
ATL 2023 Ozzie Albies
60%
KC 2016 Wade Davis
60%
CHC 2017 Wade Davis
60%
HOU 2023 Yordan Alvarez
60%
STL 2017 Carlos Martinez
58%
BOS 2022 J.D. Martinez
58%
DET 2015 J.D. Martinez
58%
LAD 2023 J.D. Martinez
58%
LAD 2023 Will Smith
58%
SF 2019 Will Smith
58%
HOU 2019 Alex Bregman
57%
NYY 2019 D.J. LeMahieu
57%
COL 2017 D.J. LeMahieu
57%
NYY 2019 Gary Sanchez
57%
CIN 2018 Joey Votto
57%
PHI 2021 Zack Wheeler
57%
BAL 2023 Adley Rutschman
56%
TEX 2023 Adolis Garcia
56%
WAS 2019 Anthony Rendon
56%
ATL 2023 Austin Riley
56%
CWS 2017 Avisail Garcia
56%
TOR 2022 George Springer
56%
CHC 2019 Javier Baez
56%
ARI 2019 Ketel Marte
56%
TB 2023 Randy Arozarena
56%
CLE 2021 Shane Bieber
56%
NYM 2022 Starling Marte
56%
PIT 2016 Starling Marte
56%
MIL 2023 Corbin Burnes
55%
SF 2021 Buster Posey
54%
MIN 2022 Byron Buxton
54%
HOU 2023 Kyle Tucker
54%
CWS 2022 Tim Anderson
53%
LAD 2022 Tyler Anderson
53%
PHI 2018 Aaron Nola
52%
NYY 2019 Gleyber Torres
52%
CWS 2019 Jose Abreu
52%
TOR 2023 Kevin Gausman
52%
SF 2021 Kevin Gausman
52%
ATL 2023 Spencer Strider
52%
TB 2023 Wander Franco
52%
CHC 2022 Willson Contreras
52%
ATL 2023 Sean Murphy
51%
ARI 2023 Corbin Carroll
50%
CWS 2023 Luis Robert Jr.
50%
PIT 2021 Bryan Reynolds
49%
COL 2019 Charlie Blackmon
49%
WAS 2023 Josiah Gray
49%
BOS 2023 Kenley Jansen
49%
MIN 2023 Sonny Gray
49%
CIN 2019 Sonny Gray
49%
SF 2021 Brandon Crawford
48%
TB 2019 Brandon Lowe
48%
CHC 2023 Dansby Swanson
48%
MIL 2023 Devin Williams
48%
SEA 2023 Luis Castillo
48%
CIN 2022 Luis Castillo
48%
MIA 2017 Marcell Ozuna
48%
PHI 2023 Nick Castellanos
48%
CIN 2021 Nick Castellanos
48%
SF 2016 Brandon Belt
47%
COL 2019 Trevor Story
47%
ATL 2022 William Contreras
47%
BAL 2021 Cedric Mullins
46%
KC 2016 Eric Hosmer
46%
KC 2015 Lorenzo Cain
46%
MIN 2022 Luis Arraez
46%
MIA 2023 Luis Arraez
46%
MIA 2022 Sandy Alcantara
46%
WAS 2017 Stephen Strasburg
46%
ARI 2019 Zack Greinke
46%
BOS 2018 Craig Kimbrel
45%
PHI 2023 Craig Kimbrel
45%
CHC 2021 Craig Kimbrel
45%
PHI 2021 J.T. Realmuto
45%
MIA 2018 J.T. Realmuto
45%
CLE 2018 Trevor Bauer
45%
STL 2021 Yadier Molina
45%
SD 2021 Yu Darvish
45%
OAK 2023 Brent Rooker
44%
CIN 2018 Eugenio Suarez
44%
BAL 2023 Felix Bautista
44%
BAL 2022 Jorge Lopez
44%
BOS 2021 Nathan Eovaldi
44%
TEX 2023 Nathan Eovaldi
44%
MIN 2023 Pablo Lopez
44%
NYM 2021 Taijuan Walker
44%
ARI 2023 Zac Gallen
44%
DET 2015 David Price
43%
NYM 2022 Jeff McNeil
43%
MIN 2019 Jorge Polanco
43%
CLE 2023 Emmanuel Clase
42%
HOU 2023 Framber Valdez
42%
TOR 2022 Alejandro Kirk
40%
CWS 2021 Carlos Rodon
40%
SF 2022 Carlos Rodon
40%
CLE 2019 Carlos Santana
40%
MIA 2022 Jazz Chisholm
40%
ATL 2023 Orlando Arcia
40%
TB 2023 Shane McClanahan
40%
MIL 2021 Brandon Woodruff
39%
COL 2016 Carlos Gonzalez
39%
NYY 2022 Clay Holmes
39%
LAD 2021 Max Muncy
39%
ARI 2023 Lourdes Gurriel
38%
NYY 2022 Nestor Cortes
38%
WAS 2017 Ryan Zimmerman
38%
BAL 2023 Yennier Cano
38%
CLE 2022 Andres Gimenez
37%
COL 2022 C.J. Cron
37%
MIL 2021 Freddy Peralta
37%
MIL 2022 Josh Hader
37%
SD 2023 Josh Hader
37%
STL 2016 Matt Carpenter
37%
KC 2015 Alcides Escobar
36%
ARI 2021 Eduardo Escobar
36%
DET 2019 Shane Greene
36%
PIT 2021 Adam Frazier
35%
KC 2022 Andrew Benintendi
35%
DET 2018 Joe Jimenez
35%
MIA 2023 Jorge Soler
35%
MIN 2019 Jose Berrios
35%
MIA 2016 Jose Fernandez
35%
TEX 2023 Josh Jung
35%
CHC 2023 Marcus Stroman
35%
LAD 2021 Walker Buehler
35%
CHC 2022 Ian Happ
34%
ATL 2022 Travis d'Arnaud
34%
TOR 2022 Alek Manoah
33%
KC 2017 Mike Moustakas
33%
MIL 2019 Mike Moustakas
33%
SF 2016 Johnny Cueto
32%
TB 2019 Charlie Morton
31%
SD 2022 Jake Cronenworth
31%
LAA 2012 Jered Weaver
31%
SF 2022 Joc Pederson
31%
DET 2015 Jose Iglesias
31%
NYM 2017 Michael Conforto
31%
TOR 2023 Whit Merrifield
31%
KC 2021 Whit Merrifield
31%
TEX 2023 Jonah Heim
29%
CWS 2019 Lucas Giolito
29%
STL 2021 Alex Reyes
28%
NYM 2023 Kodai Senga
28%
SEA 2018 Mitch Haniger
28%
NYM 2016 Noah Syndergaard
28%
BAL 2023 Austin Hays
27%
SD 2022 Joe Musgrove
27%
TEX 2021 Joey Gallo
27%
NYY 2022 Jose Trevino
27%
CHC 2023 Justin Steele
27%
MIL 2019 Yasmani Grandal
27%
DET 2017 Justin Upton
26%
MIN 2021 Taylor Rogers
26%
MIA 2021 Trevor Rogers
26%
LAA 2012 Mark Trumbo
25%
PIT 2023 Mitch Keller
25%
SEA 2023 George Kirby
24%
CIN 2021 Jesse Winker
24%
CLE 2018 Michael Brantley
24%
HOU 2021 Michael Brantley
24%
CLE 2018 Yan Gomes
24%
COL 2021 German Marquez
23%
CIN 2016 Jay Bruce
23%
BAL 2019 John Means
23%
CHC 2018 Jon Lester
23%
TOR 2023 Jordan Romano
23%
PIT 2017 Josh Harrison
23%
KC 2016 Kelvin Herrera
23%
CWS 2021 Lance Lynn
23%
PHI 2016 Odubel Herrera
23%
ARI 2018 Patrick Corbin
23%
HOU 2021 Ryan Pressly
23%
SEA 2022 Ty France
23%
PIT 2023 David Bednar
21%
CWS 2022 Liam Hendriks
21%
OAK 2019 Liam Hendriks
21%
STL 2022 Miles Mikolas
21%
TEX 2021 Kyle Gibson
20%
TB 2021 Mike Zunino
20%
TB 2019 Austin Meadows
19%
OAK 2021 Chris Bassitt
19%
SEA 2019 Daniel Vogelbach
19%
BAL 2017 Jonathan Schoop
19%
PIT 2016 Mark Melancon
19%
SD 2021 Mark Melancon
19%
BOS 2018 Mitch Moreland
19%
BOS 2021 Matt Barnes
18%
STL 2019 Paul DeJong
18%
PIT 2019 Felipe Vazquez
17%
SEA 2021 Yusei Kikuchi
17%
COL 2017 Greg Holland
16%
LAA 2021 Jared Walsh
16%
SEA 2018 Jean Segura
16%
NYM 2016 Bartolo Colon
15%
SF 2023 Camilo Doval
15%
CWS 2019 James McCann
15%
SD 2019 Kirby Yates
15%
STL 2022 Ryan Helsley
15%
TEX 2019 Shin-Soo Choo
15%
BAL 2016 Zack Britton
15%
ARI 2023 Geraldo Perdomo
14%
DET 2023 Michael Lorenzen
12%
TOR 2022 Santiago Espinal
12%
LAD 2022 Tony Gonsolin
12%
MIA 2022 Garrett Cooper
11%
MIL 2018 Jesus Aguilar
11%
CIN 2018 Scooter Gennett
11%
OAK 2016 Stephen Vogt
11%
SF 2023 Alex Cobb
10%
OAK 2018 Blake Treinen
10%
CLE 2019 Brad Hand
10%
SD 2018 Brad Hand
10%
LAA 2023 Carlos Estevez
10%
COL 2019 David Dahl
10%
TB 2021 Joey Wendle
10%
PHI 2015 Jonathan Papelbon
10%
DET 2017 Michael Fulmer
10%
MIL 2021 Omar Narvaez
10%
OAK 2022 Paul Blackburn
10%
LAA 2019 Tommy La Stella
10%
CIN 2017 Zack Cozart
10%
ATL 2023 Bryce Elder
9%
WAS 2018 Sean Doolittle
9%
OAK 2018 Jed Lowrie
8%
ARI 2022 Joe Mantiply
7%
TB 2021 Andrew Kittredge
6%
LAA 2014 Erick Aybar
6%
KC 2017 Jason Vargas
6%
MIN 2019 Jake Odorizzi
5%
LAA 2015 Hector Santiago
4%
PHI 2017 Pat Neshek
3%
MIN 2017 Brandon Kintzler
2%
No matching quizzes found
Score Distribution
Percent of People with Each Score
Percentile by Number Answered
Your Score History
You have not taken this quiz